Word Ladder: Remember Quiz Stats

 Plays Quiz Updated May 30, 2018

Score 0/10 Timer 02:00
0 Plays Today
Clue 5-Letter Word % Correct
Country music singer PatsyCLINE
87.9%
Rallying cry of 1836: 'Remember the ____!'ALAMO
87.3%
Gold medal winnerCHAMP
83.7%
Grandfather clock soundCHIME
83.1%
Tool similar to a viseCLAMP
83%
First hominid launched into spaceCHIMP
82.8%
'Thy word is _ ____ unto my feet, and a light unto my path.' Psalm 119A LAMP
79.1%
Prevailing weather conditionCLIME
77.8%
Actor Michael of 'The Italian Job' and 'Get Carter'CAINE
71.6%
Rallying cry of 1898: 'Remember the ____!'MAINE
53.2%

Today's Daily Dose

You're not logged in!

Compare scores with friends on all Sporcle quizzes.
OR
Log In

Sporcle TV

Today on Sporcle TV


Watch our educational content, quiz creation guides, and fun videos on Sporcle TV.

Show Comments

Extras

Top Quizzes Today


Score Distribution

Your Account Isn't Verified!

In order to create a playlist on Sporcle, you need to verify the email address you used during registration. Go to your Sporcle Settings to finish the process.

Report this User

Report this user for behavior that violates our Community Guidelines.

Details: